[Event "415 Stay Safe Play From Home series"]
[Site "Emanuel Lasker Arena"]
[Date "2020.08.27"]
[Round "5"]
[White "AChessPlayer"]
[Black "TheCHESSHOUSE"]
[Result "1-0"]
[WhiteElo "2337"]
[BlackElo "2029"]
[PlyCount "105"]
[EventDate "2020.08.27"]
[EventType "swiss (blitz)"]

1. Nf3 {[%emt 0:00:01]} g6 {[%emt 0:00:01]} 2. g3 {[%emt 0:00:00]} Bg7 {[%emt 0:00:00]} 3. Bg2 {[%emt 0:00:00]} d6 {[%emt 0:00:00]} 4. O-O {[%emt 0:00:00]} Nf6 {[%emt 0:00:00]} 5. d3 {[%emt 0:00:00]} O-O {[%emt 0:00:00]} 6. Nbd2 {[%emt 0:00:00]} e5 {[%emt 0:00:00]} 7. e4 {[%emt 0:00:00]} Nc6 {[%emt 0:00:00]} 8. a4 {[%emt 0:00:00]} Bg4 {[%emt 0:00:01]} 9. c3 {[%emt 0:00:01]} a6 {[%emt 0:00:01]} 10. h3 {[%emt 0:00:01]} Be6 {[%emt 0:00:01]} 11. Qc2 {[%emt 0:00:00]} Qd7 {[%emt 0:00:00]} 12. Kh2 {[%emt 0:00:00]} d5 {[%emt 0:00:01]} 13. Re1 {[%emt 0:00:01]} d4 {[%emt 0:00:01]} 14. cxd4 {[%emt 0:00:02]} exd4 {[%emt 0:00:01]} 15. Nc4 {[%emt 0:00:01]} Ne8 {[%emt 0:00:03]} 16. Bd2 {[%emt 0:00:01]} b5 {[%emt 0:00:01]} 17. Na5 {[%emt 0:00:02]} Nxa5 {[%emt 0:00:02]} 18. Bxa5 {[%emt 0:00:00]} c6 {[%emt 0:00:02]} 19. Bb4 {[%emt 0:00:01]} Nd6 {[%emt 0:00:02]} 20. e5 {[%emt 0:00:01]} Nf5 {[%emt 0:00:02]} 21. Bxf8 {[%emt 0:00:01]} Bxf8 {[%emt 0:00:00]} 22. axb5 {[%emt 0:00:01]} cxb5 {[%emt 0:00:00]} 23. Ng5 {[%emt 0:00:06]} Rd8 {[%emt 0:00:01]} 24. Qe2 {[%emt 0:00:00]} Bd5 {[%emt 0:00:04]} 25. Ne4 {[%emt 0:00:04]} Bxe4 {[%emt 0:00:06]} 26. Qxe4 {[%emt 0:00:00]} Bg7 {[%emt 0:00:05]} 27. Rxa6 {[%emt 0:00:02]} Qc7 {[%emt 0:00:02]} 28. Rc6 {[%emt 0:00:02]} Qa5 {[%emt 0:00:01]} 29. Rec1 {[%emt 0:00:00]} Ne7 {[%emt 0:00:02]} 30. Rc7 {[%emt 0:00:02]} Bf8 {[%emt 0:00:02]} 31. R1c2 {[%emt 0:00:02]} Nd5 {[%emt 0:00:06]} 32. Qxd5 {[%emt 0:00:01]} Rxd5 {[%emt 0:00:01]} 33. Bxd5 {[%emt 0:00:00]} Kg7 {[%emt 0:00:02]} 34. Re7 {[%emt 0:00:01]} Bxe7 {[%emt 0:00:02]} 35. Be4 {[%emt 0:00:03]} f5 {[%emt 0:00:01]} 36. exf6+ {[%emt 0:00:01]} Bxf6 {[%emt 0:00:00]} 37. h4 {[%emt 0:00:01]} b4 {[%emt 0:00:00]} 38. Kg2 {[%emt 0:00:01]} b3 {[%emt 0:00:01]} 39. Rc4 {[%emt 0:00:01]} Be7 {[%emt 0:00:00]} 40. Rc6 {[%emt 0:00:01]} Bf6 {[%emt 0:00:00]} 41. Re6 {[%emt 0:00:01]} Kh6 {[%emt 0:00:01]} 42. Rxf6 {[%emt 0:00:01]} Kg7 {[%emt 0:00:00]} 43. Re6 {[%emt 0:00:01]} Qd2 {[%emt 0:00:00]} 44. Re7+ {[%emt 0:00:01]} Kf6 {[%emt 0:00:00]} 45. Rxh7 {[%emt 0:00:01]} Qxb2 {[%emt 0:00:00]} 46. Rb7 {[%emt 0:00:00]} Qc3 {[%emt 0:00:00]} 47. Bd5 {[%emt 0:00:01]} b2 {[%emt 0:00:00]} 48. Bc4 {[%emt 0:00:00]} Qc2 {[%emt 0:00:00]} 49. Rb6+ {[%emt 0:00:00]} Ke5 {[%emt 0:00:01]} 50. Rb5+ {[%emt 0:00:01]} Kf6 {[%emt 0:00:01]} 51. Rb6+ {[%emt 0:00:01]} Kg7 {[%emt 0:00:00]} 52. Rb7+ {[%emt 0:00:01]} Kh6 {[%emt 0:00:00]} 53. g4 {[%emt 0:00:00] (Lag: Av=0.97s, max=1.7s) (Lag: Av=0.97s, max=1.7s) (Lag: Av=0.97s, max=1.7s)} 1-0

[Event "415 Stay Safe Play From Home series"]
[Site "Emanuel Lasker Arena"]
[Date "2020.08.27"]
[Round "5"]
[White "Nguyen Hong Anh"]
[Black "IceQueen"]
[Result "0-1"]
[WhiteElo "2327"]
[BlackElo "2330"]
[PlyCount "94"]
[EventDate "2020.08.27"]
[EventType "swiss (blitz)"]

1. d4 {[%emt 0:00:04]} d6 {[%emt 0:00:00]} 2. c4 {[%emt 0:00:01]} Nf6 {[%emt 0:00:00]} 3. Nf3 {[%emt 0:00:00]} g6 {[%emt 0:00:00]} 4. g3 {[%emt 0:00:00]} Bg7 {[%emt 0:00:00]} 5. Bg2 {[%emt 0:00:00]} O-O {[%emt 0:00:00]} 6. O-O {[%emt 0:00:00]} Nbd7 {[%emt 0:00:00]} 7. Nc3 {[%emt 0:00:00]} e5 {[%emt 0:00:00]} 8. e4 {[%emt 0:00:00]} exd4 {[%emt 0:00:00]} 9. Nxd4 {[%emt 0:00:01]} Re8 {[%emt 0:00:00]} 10. h3 {[%emt 0:00:01]} Nc5 {[%emt 0:00:00]} 11. Re1 {[%emt 0:00:00]} a5 {[%emt 0:00:00]} 12. Qc2 {[%emt 0:00:01]} Ng4 {[%emt 0:00:01]} 13. hxg4 {[%emt 0:00:02]} Bxd4 {[%emt 0:00:01]} 14. Nb5 {[%emt 0:00:03]} Bg7 {[%emt 0:00:02]} 15. Be3 {[%emt 0:00:01]} Bxg4 {[%emt 0:00:02]} 16. Nc3 {[%emt 0:00:04]} Qe7 {[%emt 0:00:04]} 17. Nd5 {[%emt 0:00:01]} Qd8 {[%emt 0:00:02]} 18. a3 {[%emt 0:00:01]} c6 {[%emt 0:00:01]} 19. Nc3 {[%emt 0:00:01]} Qc7 {[%emt 0:00:01]} 20. b4 {[%emt 0:00:01]} axb4 {[%emt 0:00:02]} 21. axb4 {[%emt 0:00:00]} Na6 {[%emt 0:00:01]} 22. Rab1 {[%emt 0:00:01]} Be6 {[%emt 0:00:01]} 23. b5 {[%emt 0:00:01]} Nc5 {[%emt 0:00:01]} 24. bxc6 {[%emt 0:00:01]} bxc6 {[%emt 0:00:00]} 25. Bxc5 {[%emt 0:00:01]} dxc5 {[%emt 0:00:00]} 26. e5 {[%emt 0:00:01]} Bxe5 {[%emt 0:00:01]} 27. Ne4 {[%emt 0:00:01]} Bd4 {[%emt 0:00:01]} 28. Rbd1 {[%emt 0:00:01]} Kg7 {[%emt 0:00:00]} 29. Rxd4 {[%emt 0:00:03]} cxd4 {[%emt 0:00:00]} 30. c5 {[%emt 0:00:00]} Rad8 {[%emt 0:00:01]} 31. Nd6 {[%emt 0:00:01]} Rxd6 {[%emt 0:00:01]} 32. cxd6 {[%emt 0:00:01]} Qxd6 {[%emt 0:00:00]} 33. Qxc6 {[%emt 0:00:00]} Qxc6 {[%emt 0:00:01]} 34. Bxc6 {[%emt 0:00:00]} Rd8 {[%emt 0:00:00]} 35. Be4 {[%emt 0:00:00]} f5 {[%emt 0:00:02]} 36. Bd3 {[%emt 0:00:02]} Kf6 {[%emt 0:00:00]} 37. Kg2 {[%emt 0:00:01]} Bd5+ {[%emt 0:00:02]} 38. f3 {[%emt 0:00:01]} Rc8 {[%emt 0:00:00]} 39. Re2 {[%emt 0:00:01]} Rc3 {[%emt 0:00:00]} 40. Rd2 {[%emt 0:00:00]} h5 {[%emt 0:00:01]} 41. Kf2 {[%emt 0:00:01]} g5 {[%emt 0:00:01]} 42. Ke2 {[%emt 0:00:02]} h4 {[%emt 0:00:02]} 43. gxh4 {[%emt 0:00:01]} gxh4 {[%emt 0:00:00]} 44. Kf2 {[%emt 0:00:00]} Kg5 {[%emt 0:00:01]} 45. Kg2 {[%emt 0:00:01]} Kf4 {[%emt 0:00:01]} 46. Kh3 {[%emt 0:00:01]} Bxf3 {[%emt 0:00:02]} 47. Kxh4 {[%emt 0:00:00]} Ke3 {[%emt 0:00:03] Nguyen Hong Anh resigns Nguyen Hong Anh resigns Nguyen Hong Anh resigns (Lag: Av=1.02s, max=1.6s) (Lag: Av=1.02s, max=1.6s) (Lag: Av=1.02s, max=1.6s)} 0-1

[Event "415 Stay Safe Play From Home series"]
[Site "Emanuel Lasker Arena"]
[Date "2020.08.27"]
[Round "5"]
[White "Fischer_11"]
[Black "Lazieri3"]
[Result "0-1"]
[WhiteElo "2047"]
[BlackElo "2055"]
[Annotator "NA"]
[PlyCount "82"]
[EventDate "2020.08.27"]
[EventType "swiss (blitz)"]

1. e4 {[%emt 0:00:07]} c6 {[%emt 0:00:00]} 2. d4 {[%emt 0:00:02]} d5 {[%emt 0:00:00]} 3. exd5 {[%emt 0:00:00]} cxd5 {[%emt 0:00:00]} 4. c4 {[%emt 0:00:00]} Nf6 {[%emt 0:00:01]} 5. Nc3 {[%emt 0:00:02]} e6 {[%emt 0:00:00]} 6. c5 {[%emt 0:00:02]} Nc6 {[%emt 0:00:01]} 7. Bg5 {[%emt 0:00:00]} Be7 {[%emt 0:00:00]} 8. Nf3 {[%emt 0:00:01]} Ne4 {[%emt 0:00:01]} 9. Bxe7 {[%emt 0:00:02]} Nxc3 {[%emt 0:00:01]} 10. Bxd8 {[%emt 0:00:02]} Nxd1 {[%emt 0:00:01]} 11. Rxd1 {[%emt 0:00:01]} Kxd8 {[%emt 0:00:02]} 12. Bb5 {[%emt 0:00:01]} Bd7 {[%emt 0:00:02]} 13. O-O {[%emt 0:00:02]} Ke7 {[%emt 0:00:01]} 14. a3 {[%emt 0:00:01]} Na5 {[%emt 0:00:03]} 15. Bxd7 {[%emt 0:00:02]} Kxd7 {[%emt 0:00:00]} 16. Ne5+ {[%emt 0:00:03]} Ke7 {[%emt 0:00:01]} 17. b4 {[%emt 0:00:00]} Nc6 {[%emt 0:00:01]} 18. f4 {[%emt 0:00:03]} Nxe5 {[%emt 0:00:03]} 19. fxe5 {[%emt 0:00:01]} Rhf8 {[%emt 0:00:02]} 20. b5 {[%emt 0:00:01]} f5 {[%emt 0:00:02]} 21. a4 {[%emt 0:00:05]} g6 {[%emt 0:00:01]} 22. a5 {[%emt 0:00:01]} a6 {[%emt 0:00:04]} 23. Rb1 {[%emt 0:00:05]} Rfd8 {[%emt 0:00:03]} 24. Rfc1 {[%emt 0:00:02]} Rd7 {[%emt 0:00:01]} 25. c6 {[%emt 0:00:01]} bxc6 {[%emt 0:00:01]} 26. bxc6 {[%emt 0:00:01]} Rc7 {[%emt 0:00:01]} 27. Rb6 {[%emt 0:00:00]} Raa7 {[%emt 0:00:01]} 28. Kf2 {[%emt 0:00:02]} g5 {[%emt 0:00:03]} 29. Ke3 {[%emt 0:00:01]} h6 {[%emt 0:00:01]} 30. g3 {[%emt 0:00:00]} Kd8 {[%emt 0:00:02]} 31. h4 {[%emt 0:00:00]} Rg7 {[%emt 0:00:04]} 32. hxg5 {[%emt 0:00:03]} hxg5 {[%emt 0:00:00]} 33. Kf3 {[%emt 0:00:01]} Kc7 {[%emt 0:00:01]} 34. Rcb1 {[%emt 0:00:03]} Rf7 {[%emt 0:00:02]} 35. Rb7+ {[%emt 0:00:01]} Kxc6 {[%emt 0:00:01]} 36. Rxa7 {[%emt 0:00:01]} Rxa7 {[%emt 0:00:02]} 37. Rb6+ {[%emt 0:00:00]} Kd7 {[%emt 0:00:00]} 38. g4 {[%emt 0:00:00]} f4 {[%emt 0:00:02]} 39. Rd6+ {[%emt 0:00:01]} Ke7 {[%emt 0:00:01]} 40. Rb6 {[%emt 0:00:00]} Rc7 {[%emt 0:00:01]} 41. Kf2 {[%emt 0:00:00]} Rc3 {[%emt 0:00:00] Zeit Zeit Zeit (Lag: Av=0.47s, max=0.6s) (Lag: Av=0.47s, max=0.6s) (Lag: Av=0.47s, max=0.6s)} 0-1

[Event "415 Stay Safe Play From Home series"]
[Site "Emanuel Lasker Arena"]
[Date "2020.08.27"]
[Round "5"]
[White "Schachwerk_64"]
[Black "Ao017545"]
[Result "1-0"]
[WhiteElo "1951"]
[BlackElo "1587"]
[Annotator "NA"]
[PlyCount "49"]
[EventDate "2020.08.27"]
[EventType "swiss (blitz)"]

1. g3 {[%emt 0:00:02]} e5 {[%emt 0:00:00]} 2. Bg2 {[%emt 0:00:00]} Nf6 {[%emt 0:00:02]} 3. c3 {[%emt 0:00:00]} Bc5 {[%emt 0:00:01]} 4. b4 {[%emt 0:00:02]} Bb6 {[%emt 0:00:02]} 5. a4 {[%emt 0:00:00]} a5 {[%emt 0:00:02]} 6. b5 {[%emt 0:00:01]} c6 {[%emt 0:00:01]} 7. Ba3 {[%emt 0:00:00]} cxb5 {[%emt 0:00:02]} 8. axb5 {[%emt 0:00:00]} d5 {[%emt 0:00:01]} 9. Nf3 {[%emt 0:00:03]} Nbd7 {[%emt 0:00:00]} 10. O-O {[%emt 0:00:01]} e4 {[%emt 0:00:01]} 11. Nd4 {[%emt 0:00:01]} Nc5 {[%emt 0:00:03]} 12. Nb3 {[%emt 0:00:03]} Nxb3 {[%emt 0:00:03]} 13. Qxb3 {[%emt 0:00:00]} Bc7 {[%emt 0:00:01]} 14. c4 {[%emt 0:00:03]} Be6 {[%emt 0:00:01]} 15. d3 {[%emt 0:00:08]} dxc4 {[%emt 0:00:03]} 16. dxc4 {[%emt 0:00:01]} b6 {[%emt 0:00:01]} 17. Nc3 {[%emt 0:00:02]} Be5 {[%emt 0:00:03]} 18. Rad1 {[%emt 0:00:03]} Qc7 {[%emt 0:00:03]} 19. Nxe4 {[%emt 0:00:01]} Nxe4 {[%emt 0:00:02]} 20. Bxe4 {[%emt 0:00:03]} Bxc4 {[%emt 0:00:00]} 21. Bc6+ {[%emt 0:00:01]} Qxc6 {[%emt 0:00:07]} 22. Qe3 {[%emt 0:00:01]} Bxb5 {[%emt 0:00:02]} 23. Qxe5+ {[%emt 0:00:03]} Qe6 {[%emt 0:00:01]} 24. Qxb5+ {[%emt 0:00:01]} Qd7 {[%emt 0:00:07]} 25. Qxd7# {[%emt 0:00:01] (Lag: Av=0.67s, max=0.9s) (Lag: Av=0.67s, max=0.9s) (Lag: Av=0.67s, max=0.9s)} 1-0

[Event "415 Stay Safe Play From Home series"]
[Site "Emanuel Lasker Arena"]
[Date "2020.08.27"]
[Round "5"]
[White "Klasman"]
[Black "Stepmaker"]
[Result "0-1"]
[WhiteElo "1333"]
[BlackElo "1398"]
[Annotator "NA"]
[PlyCount "58"]
[EventDate "2020.08.27"]
[EventType "swiss (blitz)"]

1. f4 {[%emt 0:00:01]} d6 {[%emt 0:00:01]} 2. d4 {[%emt 0:00:02]} c6 {[%emt 0:00:01]} 3. e4 {[%emt 0:00:01]} Nd7 {[%emt 0:00:01]} 4. c4 {[%emt 0:00:01]} f6 {[%emt 0:00:00]} 5. Nf3 {[%emt 0:00:01]} e5 {[%emt 0:00:00]} 6. d5 {[%emt 0:00:02]} cxd5 {[%emt 0:00:01]} 7. cxd5 {[%emt 0:00:01]} Nb6 {[%emt 0:00:01]} 8. Nc3 {[%emt 0:00:01]} Bd7 {[%emt 0:00:01]} 9. Be3 {[%emt 0:00:02]} Rc8 {[%emt 0:00:02]} 10. Bd3 {[%emt 0:00:02]} Nc4 {[%emt 0:00:02]} 11. Bxc4 {[%emt 0:00:02]} Rxc4 {[%emt 0:00:01]} 12. Qb3 {[%emt 0:00:02]} Qc7 {[%emt 0:00:02]} 13. O-O {[%emt 0:00:03]} Ne7 {[%emt 0:00:02]} 14. Nd2 {[%emt 0:00:02]} Rxc3 {[%emt 0:00:09]} 15. Qxc3 {[%emt 0:00:01]} Qxc3 {[%emt 0:00:03]} 16. bxc3 {[%emt 0:00:01]} Bb5 {[%emt 0:00:00]} 17. c4 {[%emt 0:00:01]} Ba6 {[%emt 0:00:01]} 18. f5 {[%emt 0:00:04]} Nc8 {[%emt 0:00:01]} 19. Rab1 {[%emt 0:00:04]} Be7 {[%emt 0:00:02]} 20. Rb2 {[%emt 0:00:02]} O-O {[%emt 0:00:01]} 21. Rfb1 {[%emt 0:00:01]} b6 {[%emt 0:00:01]} 22. a4 {[%emt 0:00:05]} Bd8 {[%emt 0:00:01]} 23. a5 {[%emt 0:00:02]} bxa5 {[%emt 0:00:02]} 24. c5 {[%emt 0:00:04]} dxc5 {[%emt 0:00:02]} 25. Bxc5 {[%emt 0:00:01]} Rf7 {[%emt 0:00:01]} 26. d6 {[%emt 0:00:03]} Rd7 {[%emt 0:00:06]} 27. Rb8 {[%emt 0:00:02]} Nxd6 {[%emt 0:00:07]} 28. Rxd8+ {[%emt 0:00:03]} Rxd8 {[%emt 0:00:01]} 29. Bxd6 {[%emt 0:00:02] . . .} Rxd6 {[%emt 0:00:01] Time Time Time (Lag: Av=0.48s, max=1.0s) (Lag: Av=0.48s, max=1.0s) (Lag: Av=0.48s, max=1.0s)} 0-1

[Event "415 Stay Safe Play From Home series"]
[Site "Emanuel Lasker Arena"]
[Date "2020.08.27"]
[Round "6"]
[White "NTBT_DHS"]
[Black "AChessPlayer"]
[Result "1-0"]
[WhiteElo "2570"]
[BlackElo "2342"]
[PlyCount "101"]
[EventDate "2020.08.27"]
[EventType "swiss (blitz)"]

1. e4 {[%emt 0:00:01]} c6 {[%emt 0:00:00]} 2. Nf3 {[%emt 0:00:01]} g6 {[%emt 0:00:00]} 3. d4 {[%emt 0:00:00]} Bg7 {[%emt 0:00:00]} 4. Bc4 {[%emt 0:00:01]} d5 {[%emt 0:00:00]} 5. exd5 {[%emt 0:00:00]} cxd5 {[%emt 0:00:00]} 6. Bb3 {[%emt 0:00:00]} Nc6 {[%emt 0:00:00]} 7. O-O {[%emt 0:00:00]} Nf6 {[%emt 0:00:00]} 8. c3 {[%emt 0:00:00]} O-O {[%emt 0:00:00]} 9. h3 {[%emt 0:00:00]} a5 {[%emt 0:00:02]} 10. Bf4 {[%emt 0:00:01]} Bf5 {[%emt 0:00:02]} 11. Na3 {[%emt 0:00:01]} Be4 {[%emt 0:00:01]} 12. Nb5 {[%emt 0:00:01]} a4 {[%emt 0:00:02]} 13. Bxa4 {[%emt 0:00:01]} Bxf3 {[%emt 0:00:01]} 14. gxf3 {[%emt 0:00:00]} Nh5 {[%emt 0:00:01]} 15. Bc7 {[%emt 0:00:02]} Qd7 {[%emt 0:00:01]} 16. Kg2 {[%emt 0:00:02]} Qf5 {[%emt 0:00:02]} 17. Bg3 {[%emt 0:00:03]} e5 {[%emt 0:00:02]} 18. Bc2 {[%emt 0:00:02]} e4 {[%emt 0:00:01]} 19. fxe4 {[%emt 0:00:00]} dxe4 {[%emt 0:00:00]} 20. Nd6 {[%emt 0:00:00]} Qd5 {[%emt 0:00:03]} 21. Bxe4 {[%emt 0:00:00]} Qe6 {[%emt 0:00:02]} 22. Qb3 {[%emt 0:00:01]} Qd7 {[%emt 0:00:02]} 23. Qxb7 {[%emt 0:00:02]} Qxb7 {[%emt 0:00:07]} 24. Nxb7 {[%emt 0:00:00]} Ra6 {[%emt 0:00:01]} 25. Nc5 {[%emt 0:00:01]} Rb6 {[%emt 0:00:01]} 26. Nd7 {[%emt 0:00:01]} Rxb2 {[%emt 0:00:01]} 27. Nxf8 {[%emt 0:00:00]} Ne7 {[%emt 0:00:01]} 28. Nd7 {[%emt 0:00:01]} Nxg3 {[%emt 0:00:01]} 29. Kxg3 {[%emt 0:00:01]} f5 {[%emt 0:00:00]} 30. Bf3 {[%emt 0:00:01]} g5 {[%emt 0:00:01]} 31. Rfb1 {[%emt 0:00:01]} Rc2 {[%emt 0:00:01]} 32. Rb8+ {[%emt 0:00:01]} Kf7 {[%emt 0:00:00]} 33. Ne5+ {[%emt 0:00:02]} Bxe5+ {[%emt 0:00:01]} 34. dxe5 {[%emt 0:00:00]} Rxc3 {[%emt 0:00:00]} 35. Rb6 {[%emt 0:00:02]} h5 {[%emt 0:00:01]} 36. Kg2 {[%emt 0:00:02]} g4 {[%emt 0:00:00]} 37. hxg4 {[%emt 0:00:00]} hxg4 {[%emt 0:00:00]} 38. Be2 {[%emt 0:00:00]} Nd5 {[%emt 0:00:01]} 39. Rb7+ {[%emt 0:00:02]} Ke6 {[%emt 0:00:00]} 40. Re1 {[%emt 0:00:01]} Nf4+ {[%emt 0:00:02]} 41. Kf1 {[%emt 0:00:01]} Rh3 {[%emt 0:00:01]} 42. Bc4+ {[%emt 0:00:00]} Nd5 {[%emt 0:00:02]} 43. Rb6+ {[%emt 0:00:01]} Ke7 {[%emt 0:00:00]} 44. Bxd5 {[%emt 0:00:00]} f4 {[%emt 0:00:01]} 45. Rb7+ {[%emt 0:00:01]} Ke8 {[%emt 0:00:01]} 46. Rc1 {[%emt 0:00:00]} Kd8 {[%emt 0:00:01]} 47. Rb8+ {[%emt 0:00:02]} Kd7 {[%emt 0:00:01]} 48. Rb7+ {[%emt 0:00:02]} Kd8 {[%emt 0:00:01]} 49. e6 {[%emt 0:00:01]} f3 {[%emt 0:00:01]} 50. e7+ {[%emt 0:00:01]} Ke8 {[%emt 0:00:02]} 51. Rc8# {[%emt 0:00:00] (Lag: Av=0.85s, max=1.9s) (Lag: Av=0.85s, max=1.9s) (Lag: Av=0.85s, max=1.9s)} 1-0

[Event "415 Stay Safe Play From Home series"]
[Site "Emanuel Lasker Arena"]
[Date "2020.08.27"]
[Round "6"]
[White "IceQueen"]
[Black "Hickey"]
[Result "1-0"]
[WhiteElo "2346"]
[BlackElo "2362"]
[PlyCount "151"]
[EventDate "2020.08.27"]
[EventType "swiss (blitz)"]

1. e4 {[%emt 0:00:01]} c6 {[%emt 0:00:01]} 2. Nc3 {[%emt 0:00:01]} d5 {[%emt 0:00:00]} 3. d4 {[%emt 0:00:00]} dxe4 {[%emt 0:00:00]} 4. Nxe4 {[%emt 0:00:00]} Nf6 {[%emt 0:00:00]} 5. Nxf6+ {[%emt 0:00:01]} exf6 {[%emt 0:00:00]} 6. c3 {[%emt 0:00:00]} Bd6 {[%emt 0:00:00]} 7. Bd3 {[%emt 0:00:00]} O-O {[%emt 0:00:00]} 8. Ne2 {[%emt 0:00:00]} Re8 {[%emt 0:00:00]} 9. Qc2 {[%emt 0:00:00]} h5 {[%emt 0:00:01]} 10. O-O {[%emt 0:00:01]} Qc7 {[%emt 0:00:01]} 11. h3 {[%emt 0:00:01]} Nd7 {[%emt 0:00:02]} 12. Bd2 {[%emt 0:00:01]} Nf8 {[%emt 0:00:01]} 13. Rae1 {[%emt 0:00:01]} Be6 {[%emt 0:00:01]} 14. c4 {[%emt 0:00:01]} b5 {[%emt 0:00:01]} 15. cxb5 {[%emt 0:00:02]} cxb5 {[%emt 0:00:00]} 16. Qxc7 {[%emt 0:00:00]} Bxc7 {[%emt 0:00:00]} 17. Bxb5 {[%emt 0:00:00]} Red8 {[%emt 0:00:01]} 18. a3 {[%emt 0:00:02]} Rab8 {[%emt 0:00:01]} 19. a4 {[%emt 0:00:01]} a6 {[%emt 0:00:03]} 20. Bxa6 {[%emt 0:00:01]} Rxb2 {[%emt 0:00:00]} 21. Bc3 {[%emt 0:00:01]} Ra2 {[%emt 0:00:01]} 22. Bb5 {[%emt 0:00:01]} Bb6 {[%emt 0:00:03]} 23. Ra1 {[%emt 0:00:02]} Rc2 {[%emt 0:00:03]} 24. Rfc1 {[%emt 0:00:03]} Rxc1+ {[%emt 0:00:01]} 25. Rxc1 {[%emt 0:00:01]} Ng6 {[%emt 0:00:02]} 26. a5 {[%emt 0:00:00]} Ba7 {[%emt 0:00:01]} 27. a6 {[%emt 0:00:04]} Ne7 {[%emt 0:00:00]} 28. Bd3 {[%emt 0:00:02]} Nc6 {[%emt 0:00:01]} 29. Rd1 {[%emt 0:00:04]} g6 {[%emt 0:00:03]} 30. Bb5 {[%emt 0:00:01]} Ne7 {[%emt 0:00:03]} 31. h4 {[%emt 0:00:02]} Nf5 {[%emt 0:00:02]} 32. g3 {[%emt 0:00:01]} Bd5 {[%emt 0:00:01]} 33. Nf4 {[%emt 0:00:01]} Bf3 {[%emt 0:00:01]} 34. Rd3 {[%emt 0:00:01]} Be4 {[%emt 0:00:01]} 35. Rd2 {[%emt 0:00:00]} Nxd4 {[%emt 0:00:01]} 36. Bxd4 {[%emt 0:00:03]} Rxd4 {[%emt 0:00:00]} 37. Rxd4 {[%emt 0:00:01]} Bxd4 {[%emt 0:00:00]} 38. Ne2 {[%emt 0:00:01]} Ba7 {[%emt 0:00:02]} 39. Nc3 {[%emt 0:00:00]} Ba8 {[%emt 0:00:01]} 40. Kf1 {[%emt 0:00:00]} Kf8 {[%emt 0:00:00]} 41. Ke2 {[%emt 0:00:00]} Ke7 {[%emt 0:00:00]} 42. f4 {[%emt 0:00:01]} Kd6 {[%emt 0:00:01]} 43. Kd3 {[%emt 0:00:00]} Bc6 {[%emt 0:00:01]} 44. Bc4 {[%emt 0:00:01]} Be8 {[%emt 0:00:03]} 45. Bb5 {[%emt 0:00:00]} Bxb5+ {[%emt 0:00:01]} 46. Nxb5+ {[%emt 0:00:00]} Kc5 {[%emt 0:00:04]} 47. Nxa7 {[%emt 0:00:00]} Kb6 {[%emt 0:00:00]} 48. Nc8+ {[%emt 0:00:00]} Kxa6 {[%emt 0:00:00]} 49. Nd6 {[%emt 0:00:00]} f5 {[%emt 0:00:01]} 50. Nxf7 {[%emt 0:00:00]} Kb6 {[%emt 0:00:00]} 51. Ne5 {[%emt 0:00:00]} Kc5 {[%emt 0:00:02]} 52. Nxg6 {[%emt 0:00:00]} Kd6 {[%emt 0:00:00]} 53. Ne5 {[%emt 0:00:01]} Ke6 {[%emt 0:00:00]} 54. Kd4 {[%emt 0:00:00]} Kf6 {[%emt 0:00:00]} 55. Kd5 {[%emt 0:00:00]} Kg7 {[%emt 0:00:01]} 56. Kd6 {[%emt 0:00:00]} Kh6 {[%emt 0:00:00]} 57. Ke6 {[%emt 0:00:00]} Kh7 {[%emt 0:00:00]} 58. Kxf5 {[%emt 0:00:00]} Kh6 {[%emt 0:00:00]} 59. Kf6 {[%emt 0:00:01]} Kh7 {[%emt 0:00:00]} 60. Kg5 {[%emt 0:00:00]} Kh8 {[%emt 0:00:01]} 61. Kxh5 {[%emt 0:00:00]} Kg8 {[%emt 0:00:00]} 62. Kg5 {[%emt 0:00:00]} Kh8 {[%emt 0:00:00]} 63. Kf6 {[%emt 0:00:00]} Kg8 {[%emt 0:00:00]} 64. Kg6 {[%emt 0:00:01]} Kh8 {[%emt 0:00:00]} 65. h5 {[%emt 0:00:00]} Kg8 {[%emt 0:00:00]} 66. f5 {[%emt 0:00:00]} Kh8 {[%emt 0:00:00]} 67. f6 {[%emt 0:00:00]} Kg8 {[%emt 0:00:00]} 68. f7+ {[%emt 0:00:01]} Kf8 {[%emt 0:00:00]} 69. Nd7+ {[%emt 0:00:00]} Ke7 {[%emt 0:00:00]} 70. f8=Q+ {[%emt 0:00:00]} Kxd7 {[%emt 0:00:01]} 71. Qf6 {[%emt 0:00:00]} Kc7 {[%emt 0:00:01]} 72. h6 {[%emt 0:00:00]} Kb7 {[%emt 0:00:00]} 73. h7 {[%emt 0:00:00]} Ka7 {[%emt 0:00:00]} 74. h8=Q {[%emt 0:00:00]} Kb7 {[%emt 0:00:00]} 75. Qhg7+ {[%emt 0:00:00]} Ka8 {[%emt 0:00:00]} 76. Qff8# {[%emt 0:00:00] (Lag: Av=0.58s, max=1.3s) (Lag: Av=0.58s, max=1.3s) (Lag: Av=0.58s, max=1.3s)} 1-0